000 02123nam1a2200361 i 4500
001 RU\NLR\bibl\134791
005 20240920054200.0
035 _a(NLR Aleph) 000132039
090 _a754324
_c754324
100 _a20010213g19 9999u y0rusy50 ca
101 0 _arus
102 _aRU
105 _aa |||||||||
200 1 _aИнформатика в химии и химической технологии
_eУчеб. пособие
_e[Для студентов хим.-технол. спец.]
_fА.В. Кравцов, Э.Д. Иванчина, А.В. Корниенко, А.В. Сгибнев
_gМ-во общ. и проф. образования Рос. Федерации, Том. политехн. ун-т
210 _aТомск
_cТПУ
_d1997
215 _d20
463 0 _1001132262
606 0 _aХимия
_jРуководства, пособия и т.п. для высшей школы
_xИнформационные системы
_91192424
_3RU\NLR\auth\66481464
606 0 _aХимия
_jУчебные издания для высшей школы
_xИнформационные системы
_91192424
_3RU\NLR\auth\66481464
606 0 _aХимическая технология
_jРуководства, пособия и т.п. для высшей школы
_xИнформационные системы
_92090542
_3RU\NLR\auth\661265360
606 0 _aХимическая технология
_jУчебные издания для высшей школы
_xИнформационные системы
_92090542
_3RU\NLR\auth\661265360
686 _aЛ10-1с116я73-1
686 _aГ.с11я73-1
701 1 _aКравцов
_bА. В.
_gАнатолий Васильевич
_4070
701 1 _aИванчина
_bЭ. Д.
_gЭмилия Дмитриевна
_4070
701 1 _aКорниенко
_bА. В.
_gАндрей Васильевич
_4070
701 1 _aСгибнев
_bА. В.
_gАлександр Владимирович
_4070
801 0 _aRU
_bNLR
_c20010213
_gPSBO
801 1 _aRU
_bNLR
_c20010213
830 _aАвт. по кн.
852 _aNLR
_j2001-3/502
942 _cBOOK